México 68 Programa Cultural de la XIX Olimpiada : Ballet de la Opera de Finlandia /
Programa de las presentaciones que realizó el Ballet de la Opera de Finlandia en el Teatro de Bellas Artes, durante el mes de junio de 1968, dentro del marco de los XIX juegos olímpicos. Los tres programas que presentó este ballet fundado en 1921 incluyeron: El lago de los cisnes, Suite en blanc, El...
Guardado en:
| Autores corporativos: | , , |
|---|---|
| Formato: | Procedimiento de la conferencia Libro |
| Idioma: | Español |
| Temas: | |
| Etiquetas: |
Sin etiquetas, Sé el primero en etiquetar este registro!
|
MARC
| LEADER | 00000nam^a2200000^a^4500 | ||
|---|---|---|---|
| 001 | 000263047 | ||
| 005 | 20250526000000.0 | ||
| 009 | 20260310110602.951 | ||
| 037 | |a Acervo ITESO - Biblioteca | ||
| 041 | |a ESP | ||
| 082 | |a 796. 48 |b JUE 1968 CUL V. 2 | ||
| 111 | |a Juegos Olímpicos ( |n 19° : |d 1968 : |c México) | ||
| 240 | 1 | 1 | |a [Programa cultural de los juegos de la XIX Olimpiada] |
| 240 | 1 | 1 | |a [Festival Internacional de Bellas Artes] |
| 245 | 1 | 0 | |a México 68 Programa Cultural de la XIX Olimpiada : |b Ballet de la Opera de Finlandia / |c Comité Olímpico Mexicano. |
| 264 | |a México : |b Comité Olímpico Mexicano, |c 1968 | ||
| 300 | |a 1 folleto (24 p.) ; |c 25.0 cm. | ||
| 336 | |a texto |b txt |2 rdacontenido | ||
| 337 | |a sin mediación |b n |2 rdamedio | ||
| 338 | |a volumen |b nc |2 rdasoporte | ||
| 520 | |a Programa de las presentaciones que realizó el Ballet de la Opera de Finlandia en el Teatro de Bellas Artes, durante el mes de junio de 1968, dentro del marco de los XIX juegos olímpicos. Los tres programas que presentó este ballet fundado en 1921 incluyeron: El lago de los cisnes, Suite en blanc, El combate, Don Quijote y Romeo y Julieta. | ||
| 546 | |a Edición trilingüe español-francés-inglés | ||
| 649 | |a XX | ||
| 650 | |a Juegos Olímpicos - |z México - |x Historia - |y 1964-1970 | ||
| 650 | |a Juegos Olímpicos - |x Historia | ||
| 650 | |a Ballet - |z Finlandia - |x Historia y Crítica - |x Tema Principal | ||
| 650 | |a Danza - |z Finlandia - |x Historia y Crítica | ||
| 650 | |a Artes Escénicas - |z México (Ciudad) - |x Historia - |y 1964-1970 - |x Tema Principal | ||
| 650 | |a Artes Escénicas - |z México - |x Historia - |y 1964-1970 | ||
| 650 | |a Cultura - |z México - |x Historia - |y 1964-1970 | ||
| 710 | |a Comité Olímpico Mexicano | ||
| 710 | |a Comité Olímpico Internacional | ||
| 910 | |a Fondo Julio de la Peña Lomelín | ||
| 920 | |a Impresos - Libros | ||
| 930 | |a Libros Antiguos y Raros | ||
| 940 | |a Arquitectos Jaliscienses | ||
| 905 | |a 108 | ||
| 901 | |a 0500144088 |b IT2 |c LRA |u 20250526 | ||
| 902 | |a https://opac.biblio.iteso.mx/vufind/Record/000263047 | ||